000 00209nam a22000857a 4500
008 161213b xxu||||| |||| 00| 0 eng d
100 _92024
_aShankar
245 _aThe Woman and Cow
260 _aNew Delhi
_bC.B.T
_c2011
999 _c4899
_d4899